<The> Importance of Digital Economy and the Digital Economy and Society Index

Štruktúra indexu digitálnej ekonomiky a spoločnosti. Rozmer pripojenia. Rozmer ľudského kapitálu. Rozmer digitálnych verejných služieb.

Guardado en:
Detalles Bibliográficos
Autor principal: Naščáková, Jana
Otros Autores: Danková, Lenka, 1993-
Formato: Capítulo de libro
Lenguaje:inglés
Materias:
Etiquetas: Agregar Etiqueta
Sin Etiquetas, Sea el primero en etiquetar este registro!

MARC

LEADER 00000nla a2200000 4500
001 0240020
005 20240502073907.3
041 0 |a eng 
044 |a SK 
245 1 0 |a <The> Importance of Digital Economy and the Digital Economy and Society Index  |c Jana Naščáková, Lenka Danková 
520 |a Štruktúra indexu digitálnej ekonomiky a spoločnosti. Rozmer pripojenia. Rozmer ľudského kapitálu. Rozmer digitálnych verejných služieb. 
610 2 0 |a digitalizácia 
610 2 0 |a transformácia 
610 2 0 |a systémy informačné 
610 2 0 |a technológie informačné 
610 2 0 |a technológie komunikačné 
610 2 0 |a zdroje ľudské 
610 2 0 |a služby verejné 
100 1 |a Naščáková, Jana 
700 1 |a Danková, Lenka, 1993-